| 000 | 00456cam a2200181ua 4500 | ||
|---|---|---|---|
| 020 | _c16.75 | ||
| 041 |
_aeng _h |
||
| 082 |
_a535.84 _bBAR/IN |
||
| 100 | _aBarrow, G M . | ||
| 245 |
_aIntroduction to molecular spectroscopy / _cG M Barrow. _hTextual Documents |
||
| 260 |
_aNew York : _bMcGraw Hill Book Company , _c1962. |
||
| 300 | _a318 ; . | ||
| 365 | _a16.75 | ||
| 504 | _a | ||
| 942 | _cBK | ||
| 999 |
_c7239 _d7239 |
||